000 00310nam a22001097a 4500
082 _a332
100 _aरोशन राकेश कुमार
_979915
245 _aबैंकिंग जागरूकता
260 _aMeerut
_b Arihant Pub
_c 2020
650 _aबैंक
_979916
942 _cBK
999 _c63457
_d63457